000 00200 a2200097 4500
001 13547
100 _aBowle J
245 _aMinas or minotaur
260 _aLondon
_bA W bain
_c
090 _c10550
_d10550
942 _aNUST-CAE
_cM
_c615
999 _c248620
_d248620